Slovensko-ruský právnický a politologický slovník
Enregistré dans:
| Auteur principal: | |
|---|---|
| Format: | Livre |
| Langue: | slovaque russe |
| Publié: |
Banská Bystrica
SIOS
1999
|
| Sujets: | |
| Tags: |
Pas de tags, Soyez le premier à ajouter un tag!
|
MARC
| LEADER | 00000nam$a2200000$$$4500 | ||
|---|---|---|---|
| 001 | 0027302 | ||
| 005 | 20240111125050.3 | ||
| 020 | |a 80-968216-0-1 | ||
| 041 | 0 | |a slo | |
| 041 | 0 | |a rus | |
| 044 | |a SK | ||
| 245 | 1 | 0 | |a Slovensko-ruský právnický a politologický slovník |c Viera Kamenská |
| 264 | 1 | |a Banská Bystrica |b SIOS |c 1999 | |
| 300 | |a 345 s. | ||
| 610 | 2 | 0 | |a jazyky cudzie |
| 610 | 2 | 0 | |a právo |
| 610 | 2 | 0 | |a politológia |
| 610 | 2 | 0 | |a terminológia |
| 610 | 2 | 0 | |a vzťahy medzinárodné |
| 100 | 1 | |a Kamenská, Viera | |